| 000 | 02537 a2200325 4500 | ||
|---|---|---|---|
| 003 | NALT | ||
| 005 | 20240930143547.0 | ||
| 008 | 240930b th ||||| |||| 00| 0 tha d | ||
| 020 | _a9786165362092 | ||
| 040 | _a์NALT | ||
| 050 |
_aQA 76.9.H85 _bท337ม 2565 |
||
| 100 | 0 |
_aทักษพร พีรพัฒนโภคิน. _964824 |
|
| 245 | 1 | 0 |
_aMetaverse อนาคต โอกาส และความเสี่ยง / _cทักษพร พีรพัฒนโภคิน, วรพงษ์ ตรีประลำ, โชติรัตน์ แสงโพธิ์ศิริ, วศินี วทัญญูวณิช, ทวีสุข ธรรมศักดิ์, คำนิยม ; บรรณาธิการ สุวิชชา เพียราษฎร์. |
| 250 | _aพิมพ์ครั้งที่ 2. | ||
| 260 |
_aกรุงเทพฯ : _bบ้านพระอาทิตย์, _c2565. |
||
| 300 |
_a479 หน้า : _bภาพประกอบ ; _c22 ซม. |
||
| 505 | 0 | _aMetaverse คืออะไร -- Laywes of the Metaverse -- Web 3.0-Spatial Web -- เกม จุดเริ่มต้นของ Metaverse -- 8 หัวใจหลัก (Core Enablers) ของ Metaverse -- Metaverse ต้องมีตัวกลางหรือไม่? -- ไลฟ์สไตล์และหลากหลายอาชีพที่จะมากับ Metaverse -- 6 ปัจจัยฉุดรั้ง Metaverse -- จีนไม่แพ้ใครใน Metaverse -- 3 ยักษ์ใหญ่ใน Metaverse -- Big Tech จะทำอะไรต่อไป -- อนาคตของ Metaverse. | |
| 650 | 4 |
_aความจริงเสมือน _964362 |
|
| 650 | 4 |
_aเทคโนโลยีสารสนเทศ _xแง่สังคม _939184 |
|
| 650 | 0 |
_aVirtual reality _964829 |
|
| 650 | 4 |
_aความเป็นจริงเสริม _964830 |
|
| 650 | 4 |
_aนวัตกรรมทางเทคโนโลยี _910581 |
|
| 700 | 0 |
_aวรพงษ์ ตรีประลำ. _964784 |
|
| 700 | 0 |
_aโชติรัตน์ แสงโพธิ์ศิริ. _964826 |
|
| 700 | 0 |
_aวศินี วทัญญูวณิช. _964827 |
|
| 700 | 0 |
_aทวีสุข ธรรมศักดิ์. _964828 |
|
| 700 | 0 |
_aสุวิชชา เพียราษฎร์. _929266 |
|
| 942 |
_cGB _2lcc |
||
| 996 |
_ajamriang.p _bCATSTF _c2024-09-30 |
||
| 999 |
_c105842 _d105842 |
||
| 998 |
_j1020 _k นางจำเรียง ระวังสำโรง |
||